[Event "Short vs Hjartarson Rapid"]
[Site "Nuuk DEN"]
[Date "2016.05.24"]
[Round "1"]
[White "Short,N"]
[Black "Hjartarson,J"]
[Result "1/2-1/2"]
[WhiteElo "2655"]
[BlackElo "2547"]

1.e4 e5 2.Nf3 Nc6 3.Bc4 Bc5 4.b4 Bxb4 5.c3 Ba5 6.d4 d6 7.Qb3 Qd7 8.Nbd2 Bb6
9.O-O Na5 10.Qc2 Nxc4 11.Nxc4 Qc6 12.Qd3 Nf6 13.a4 a6 14.dxe5 Qxe4 15.Qxe4 Nxe4
16.Nxb6 cxb6 17.Re1 d5 18.c4 Be6 19.cxd5 Bxd5 20.Be3 Nc5 21.Reb1 Rc8 22.Rxb6 Nd7
23.Rb4 O-O 24.Rd1 Bc6 25.Nd4 Nxe5 26.Nxc6 bxc6 27.Rb6 a5 28.Rc1 Rfd8 29.h3 h6
30.Ra6 Ra8 31.Rxa8 Rxa8 32.f4 Nd3 33.Rxc6 Re8 34.Bd2 Re4 35.Bxa5 Rxa4 36.Bc7 Nxf4
37.Bxf4 Rxf4 38.Rc5 g5 39.Kh2 Kg7 40.Rc6 h5 41.Rb6 f6 42.Ra6 Rb4 43.Rc6 Kg6
44.Rc5 Rb3 45.Rd5 g4 46.hxg4 hxg4 47.Rc5 f5 48.g3 Re3 49.Rc2 Kg5  1/2-1/2

[Event "Short vs Hjartarson Rapid"]
[Site "Nuuk DEN"]
[Date "2016.05.24"]
[Round "2"]
[White "Hjartarson,J"]
[Black "Short,N"]
[Result "1/2-1/2"]
[WhiteElo "2547"]
[BlackElo "2655"]

1.e4 e5 2.Nf3 Nc6 3.Bb5 a6 4.Ba4 d6 5.O-O Bd7 6.c3 g6 7.d4 Bg7 8.Re1 h6 9.Be3 Nge7
10.Nbd2 O-O 11.h3 Qe8 12.dxe5 Nxe5 13.Bc2 Kh7 14.Nh2 f5 15.f4 N5c6 16.Nhf3 Qf7
17.Bb3 Be6 18.Qc2 Rae8 19.Re2 Bxb3 20.axb3 Kh8 21.Rae1 a5 22.exf5 Nxf5 23.Bf2 Rxe2
24.Rxe2 Nfe7 25.g3 Qf5 26.Qxf5 Rxf5 27.Kg2 Kg8 28.Nd4 Bxd4 29.Bxd4 Kf7 30.Bf2 b5
31.c4 bxc4 32.bxc4 a4 33.Re3 Ra5 34.Ra3 h5 35.Ne4 d5 36.cxd5 Nxd5 37.Nc3 Nxc3
38.Rxc3 Ra6 39.Kf3 Ke6 40.Ke4 Ne7 41.Rxc7 a3 42.bxa3 Ra4+ 43.Kf3 Rxa3+ 44.Kg2 Ra2
45.Rc3 Nd5 46.Rc6+ Kf7 47.Rd6 Nf6 48.Rd4 Ke6 49.Rb4 Nd5 50.Re4+ Kf7 51.Re5 Ne7
52.Rb5 Nf5 53.Rb3 Rd2 54.Rb7+ Ke6 55.Rb6+ Kf7 56.Ra6 Rb2 57.Ra3 Rd2 58.Kf3 Nd4+
59.Ke3 Nc2+ 60.Kxd2 Nxa3 61.Kd3 Ke6 62.g4 hxg4 63.hxg4 Nb5 64.Bc5 Nc7 65.Bd4 Nd5
66.Ke4 Ne7 67.Bc5 Nc6  1/2-1/2

[Event "Short vs Hjartarson Rapid"]
[Site "Nuuk DEN"]
[Date "2016.05.24"]
[Round "3"]
[White "Short,N"]
[Black "Hjartarson,J"]
[Result "0-1"]
[WhiteElo "2655"]
[BlackElo "2547"]

1.d4 Nf6 2.c4 g6 3.Nc3 Bg7 4.e4 d6 5.Bd3 O-O 6.Nge2 c5 7.d5 e6 8.O-O exd5
9.cxd5 a6 10.a4 Re8 11.Ng3 Nbd7 12.h3 Rb8 13.f4 b5 14.axb5 c4 15.Bxc4 axb5
16.Bd3 b4 17.Na4 Qa5 18.Bd2 Ba6 19.Qf3 Bxd3 20.Qxd3 h5 21.Rfe1 Ra8 22.Nf1 Qa6
23.Qxa6 Rxa6 24.Bxb4 Rea8 25.b3 Nxe4 26.Rad1 f5 27.Rd3 Rb8 28.Ba3 Ndc5 29.Bxc5 dxc5
30.Ne3 Bd4 31.Kf1 Rxb3 32.Rxb3 Nd2+ 33.Ke2 Nxb3 34.Rb1 Rxa4 35.Rxb3 Bxe3
36.Rxe3 Rxf4 37.d6 Kf7 38.Re7+ Kf6 39.Rc7 c4 40.d7 Ke7 41.g3 Re4+ 42.Kf3 Kd8
43.Rc6 Kxd7 44.Rxg6 c3 45.Ra6 Rc4 46.Ra1 Ke6 47.Ke3 c2 48.Kd2 Ke5 49.Re1+ Re4
50.Rf1 h4 51.gxh4 Rxh4 52.Kxc2 Rxh3 53.Kd2 Ke4 54.Rg1 f4 55.Ke1 Kf3 56.Rf1+ Ke3
57.Rg1 f3 58.Kf1 Rh8  0-1

[Event "Short vs Hjartarson Rapid"]
[Site "Nuuk DEN"]
[Date "2016.05.24"]
[Round "4"]
[White "Hjartarson,J"]
[Black "Short,N"]
[Result "0-1"]
[WhiteElo "2547"]
[BlackElo "2655"]

1.e4 e6 2.d4 d5 3.Nc3 Nf6 4.e5 Nfd7 5.f4 c5 6.Nf3 Nc6 7.Be3 Be7 8.Qd2 O-O
9.Be2 b6 10.O-O f6 11.exf6 Nxf6 12.Kh1 Bb7 13.Rad1 Rc8 14.Bb5 Bd6 15.g3 Na5
16.Be2 a6 17.Ne5 Qc7 18.Kg1 Rfd8 19.Qe1 b5 20.Bf3 cxd4 21.Bxd4 Bc5 22.Ne2 Nc4
23.Nxc4 dxc4 24.Bxb7 Qxb7 25.Bxc5 Rxd1 26.Qxd1 Rxc5 27.Qd6 Rc6 28.Qd8+ Kf7
29.Nd4 Rc8 30.Qd6 Qe4 31.Nf3 Qe3+ 32.Kh1 Kg8 33.Ne5 Re8 34.Rd1 Qe4+ 35.Kg1 Qxc2
36.Rd2 Qb1+ 37.Kg2 Qxa2 38.Qc6 h5 39.Kh3 Qb1 40.Qxa6 g5 41.fxg5 Qf5+ 42.Kg2 Ne4
43.Qc6 Rf8 44.Rd1 Qxe5  0-1

[Event "Short vs Hjartarson Rapid"]
[Site "Nuuk DEN"]
[Date "2016.05.24"]
[Round "5"]
[White "Short,N"]
[Black "Hjartarson,J"]
[Result "1-0"]
[WhiteElo "2655"]
[BlackElo "2547"]

1.d4 Nf6 2.Nf3 g6 3.c3 Bg7 4.Bg5 O-O 5.Nbd2 d6 6.e4 Nbd7 7.Bc4 e5 8.dxe5 dxe5
9.O-O h6 10.Bh4 Qe8 11.a4 Nh5 12.a5 Nf4 13.Re1 Nf6 14.Bg3 N6h5 15.b4 c6 16.Qc2 Be6
17.h3 Rd8 18.Bh2 Bxc4 19.Nxc4 Qe6 20.Ne3 Rd3 21.Bxf4 Nxf4 22.g3 Nxh3+ 23.Kg2 Rfd8
24.Rad1 Rxd1 25.Rxd1 Re8 26.Qd3 Ng5 27.Nxg5 hxg5 28.Qd7 Qe7 29.Nc4 Bf8 30.a6 b5
31.Na5 c5 32.Nc6 Qxd7 33.Rxd7 Re6 34.Rc7 cxb4 35.cxb4 g4 36.Kf1 f5 37.Ke2 f4
38.Kd3 fxg3 39.fxg3 Rd6+ 40.Kc2 Bh6 41.Nxa7 Rxa6 42.Nxb5 Rb6 43.Rc5 Bf8 44.Rxe5 Bxb4
45.Nd4 Kf7 46.Rg5 Bd6 47.Rxg4 Rb4 48.Nf3 Ra4 49.Kd3 Kf6 50.e5+  1-0

[Event "Short vs Hjartarson Rapid"]
[Site "Nuuk DEN"]
[Date "2016.05.24"]
[Round "6"]
[White "Hjartarson,J"]
[Black "Short,N"]
[Result "1-0"]
[WhiteElo "2547"]
[BlackElo "2655"]

1.c4 e5 2.Nc3 d6 3.g3 g6 4.d4 exd4 5.Qxd4 Nf6 6.Bg5 Bg7 7.Qe3+ Be6 8.Bh3 Qe7
9.Bg2 c6 10.Ne4 h6 11.Bxf6 Bxf6 12.O-O-O O-O 13.Nxf6+ Qxf6 14.Qxh6 Bxc4 15.Nf3 d5
16.e4 Bxa2 17.Ng5 Rd8 18.Rhe1 Qg7 19.Qxg7+ Kxg7 20.exd5 cxd5 21.Re7 Kf6 22.Rxf7+ Kxg5
23.h4+ Kh6 24.g4 Nc6 25.g5+ Kh5 26.Rg1 Ne5 27.Bf3+  1-0

[Event "Short vs Hjartarson Rapid"]
[Site "Nuuk DEN"]
[Date "2016.05.24"]
[Round "7"]
[White "Short,N"]
[Black "Hjartarson,J"]
[Result "1-0"]
[WhiteElo "2655"]
[BlackElo "2547"]

1.e4 c5 2.b3 Nc6 3.Bb2 d6 4.f4 Bd7 5.Nf3 e6 6.g3 Nf6 7.d3 Be7 8.Bg2 O-O 9.O-O Rb8
10.Kh1 b5 11.Nbd2 Qb6 12.Qe2 Rfe8 13.Rae1 a5 14.e5 Nd5 15.Ne4 dxe5 16.fxe5 h6
17.c4 Ndb4 18.Bc1 Bf8 19.Bxh6 Qc7 20.Bf4 bxc4 21.dxc4 Nd4 22.Nxd4 cxd4 23.Qh5 Bc6
24.Ng5 Bxg2+ 25.Kxg2  1-0

[Event "II Neoclassical Masters"]
[Site "Madrid ESP"]
[Date "2016.06.03"]
[Round "1.2"]
[White "Short,N"]
[Black "Anton Guijarro,D"]
[Result "1-0"]
[WhiteElo "2655"]
[BlackElo "2616"]

1.e4 e5 2.Nf3 Nf6 3.Bc4 c6 4.d3 d5 5.Bb3 Bb4+ 6.Bd2 Bxd2+ 7.Qxd2 Nbd7 8.exd5 cxd5
9.O-O O-O 10.Re1 a5 11.Nc3 d4 12.Nb5 Qb6 13.Bc4 Qc5 14.c3 Nb6 15.Nxe5 Nxc4
16.dxc4 dxc3 17.Qxc3 Be6 18.Nd4 Rfe8 19.h3 b6 20.Nxe6 Rxe6 21.Nd3 Rxe1+ 22.Rxe1 Qc7
23.b3 Rd8 24.Ne5 h6 25.Qc1 Rd4 26.Nf3 Rd6 27.Qf4 Qd8 28.Kh2 Qd7 29.Re2 Qd8
30.g3 Rd1 31.Rd2 Rxd2 32.Qxd2 Qe7 33.Kg2 Nd7 34.Qe3 Qxe3 35.fxe3 Kf8 36.Nd4 Ke7
37.Kf3 g6 38.g4 Kd6 39.Kf4 Nc5 40.Nb5+ Ke6 41.e4 g5+ 42.Ke3 Ke5 43.Nd4 f6
44.a3 Na6 45.Nf3+ Kd6 46.Kd4 Nc5 47.b4 axb4 48.axb4 Ne6+ 49.Ke3 Nf4 50.h4 Ng2+
51.Kf2 Nf4 52.hxg5 hxg5 53.Ke3 Ne6 54.Ne1 Nd8 55.Nd3 Nc6 56.Ke2 Nd4+ 57.Kd2 Nf3+
58.Ke3 Nh2 59.Nf2 Kc6 60.e5 fxe5 61.Ke4 Kd6 62.Kf5 Nf3 63.Ne4+ Ke7 64.Nxg5 Nd4+
65.Ke4 b5 66.cxb5 Kf6 67.b6 Kxg5 68.b7 Nc6 69.b5 Nb8 70.Kxe5  1-0

[Event "II Neoclassical Open 2016"]
[Site "Madrid ESP"]
[Date "2016.06.04"]
[Round "1.1"]
[White "Short,N"]
[Black "Alfaya Marcelo,Roberto"]
[Result "1-0"]
[WhiteElo "2646"]
[BlackElo "2097"]

1.e4 c5 2.Nf3 e6 3.d4 cxd4 4.Nxd4 Nc6 5.Nc3 Nf6 6.a3 Be7 7.Nxc6 bxc6 8.e5 Nd5
9.Qg4 g6 10.Ne4 d6 11.Nxd6+ Bxd6 12.exd6 Qxd6 13.Qg3 Qxg3 14.hxg3 e5 15.c4 Nc7
16.Bg5 O-O 17.Bf6 Re8 18.O-O-O Re6 19.Rd8+ Ne8 20.Bg5 Bb7 21.Rxa8 Bxa8 22.b4 c5
23.b5 Nc7 24.Be3 Re8 25.g4 Ne6 26.g5 f6 27.gxf6 Rf8 28.a4 Rxf6 29.Kb2 Nd4
30.Rh2 h5 31.Bd3 Kg7 32.f3 Rd6 33.Kc3 Kf6 34.Rh1 Rd7 35.a5 Bb7 36.a6 Ba8
37.Bf2 Rd6 38.Re1 Re6 39.Be4 Bxe4 40.Rxe4 g5 41.Kd3 Rd6 42.Bxd4 cxd4 43.Re2 Ke6
44.c5 Rd7 45.b6 Kd5 46.b7 Rd8 47.c6 Kxc6 48.Rxe5 Kb6 49.Re6+ Kc7 50.Rg6 g4
51.fxg4 hxg4 52.Rxg4 Kb6 53.Rxd4 Rg8 54.Rb4+ Kc7 55.b8=Q+ Rxb8 56.Rxb8 Kxb8
57.Ke4  1-0

[Event "II Neoclassical Open 2016"]
[Site "Madrid ESP"]
[Date "2016.06.04"]
[Round "2.1"]
[White "Martinez Reyes,P"]
[Black "Short,N"]
[Result "0-1"]
[WhiteElo "2309"]
[BlackElo "2646"]

1.d4 d5 2.Nf3 Nf6 3.c4 e6 4.Nc3 a6 5.cxd5 exd5 6.Bg5 Be7 7.e3 O-O 8.Bd3 Be6
9.O-O Nbd7 10.Rc1 c5 11.dxc5 Nxc5 12.Nd4 Qd7 13.Bb1 Rac8 14.Qe2 b5 15.a3 h6
16.Bh4 Nce4 17.Nxe4 dxe4 18.Bxf6 Bxf6 19.Bxe4 Bxd4 20.exd4 Qxd4 21.Rfd1 Rxc1
22.Rxc1 Rd8 23.h3 a5 24.Bf3 Rb8 25.Rd1 Qc5 26.Qd2 b4 27.axb4 Rxb4 28.Bd5 a4
29.Bxe6 fxe6 30.Qd8+ Kh7 31.Qd3+ Qf5 32.Qc3 Rb3 33.Qd4 Qc2 34.Rd2 Qc6 35.Kh2 Rb8
36.Qe5 Rb5 37.Qd4 Rf5 38.Re2 Rf8 39.Re4 Rxf2 40.Rg4 Qc7+ 41.Kg1 Rf5 42.Qxa4 Qc1+
43.Kh2 Qxb2 44.Qe4 Qe5+ 45.Qxe5 Rxe5 46.Kg3 Kg8 47.Kf4 Re1 48.Kf3 Kf7 49.Rf4+ Ke7
50.Ra4 Kf6 51.Rf4+ Ke5 52.Ra4 Rf1+ 53.Ke3 Rb1 54.Ra5+ Kf6 55.Ra3 h5 56.h4 Kf5
57.Kf3 e5  0-1

[Event "II Neoclassical Open 2016"]
[Site "Madrid ESP"]
[Date "2016.06.04"]
[Round "3.1"]
[White "Short,N"]
[Black "Perez Mitjans,O"]
[Result "1-0"]
[WhiteElo "2646"]
[BlackElo "2462"]

1.Nf3 c5 2.c3 Nf6 3.d4 e6 4.Bg5 h6 5.Bh4 cxd4 6.cxd4 Qa5+ 7.Nbd2 Nc6 8.e3 g5
9.Bg3 g4 10.Ne5 d5 11.a3 Rg8 12.Bd3 Qb6 13.b4 Be7 14.O-O Bd7 15.f4 Nh5 16.Nb3 Nxg3
17.hxg3 f5 18.Nxd7 Kxd7 19.Qd2 Ke8 20.Rfc1 Kf7 21.Nc5 Bxc5 22.Rxc5 a6 23.Kf2 Ne7
24.a4 Rac8 25.Rac1 Qd6 26.Qb2 Rc6 27.b5 axb5 28.axb5 Rcc8 29.b6 Rc6 30.Rxc6 Nxc6
31.Bb5 Ne7 32.Rc7 Rb8 33.Be2 Kf6 34.Qb5 Nc6 35.Qc5 Qxc5 36.dxc5 d4 37.Bc4 e5
38.Bd5 Nb4 39.Bxb7 Nd3+ 40.Ke2 Nxc5 41.Rxc5 Rxb7 42.Rc6+  1-0

[Event "II Neoclassical Open 2016"]
[Site "Madrid ESP"]
[Date "2016.06.04"]
[Round "4.1"]
[White "Larino Nieto,D"]
[Black "Short,N"]
[Result "0-1"]
[WhiteElo "2484"]
[BlackElo "2646"]

1.e4 e5 2.Nf3 Nc6 3.Bc4 Bc5 4.d3 Nf6 5.Nc3 d6 6.a3 Be6 7.O-O O-O 8.Nd5 Bxd5
9.exd5 Ne7 10.Bg5 Ng6 11.Nh4 h6 12.Nxg6 fxg6 13.Bxf6 Rxf6 14.c3 Bb6 15.Qg4 Qf8
16.d4 exd4 17.cxd4 h5 18.Qe4 Re8 19.Qd3 g5 20.Bb5 Re7 21.Rfe1 Rf4 22.Rxe7 Qxe7
23.g3 Rxd4 24.Qf5 Rd2 25.Bd3 Qe5 26.Qh7+ Kf8 27.Bg6 Ke7 28.Kh1 Bxf2 29.Rf1 Qxd5+
30.Be4 Qe5 31.Bg2 g4 32.Qg6 Rxb2 33.a4 c6 34.a5 a6 35.Qd3 Kd8 36.Qc4 d5 37.Qd3 Kc7
38.Qd1 Kb8 39.Qc1 Be3 40.Qd1 Ka7 41.Re1 Qc3 42.Qa1 Qd2  0-1

[Event "II Neoclassical Open 2016"]
[Site "Madrid ESP"]
[Date "2016.06.04"]
[Round "5.1"]
[White "Short,N"]
[Black "Forcen Esteban,D"]
[Result "1-0"]
[WhiteElo "2646"]
[BlackElo "2565"]

1.e4 e6 2.d4 d5 3.Nd2 Be7 4.e5 c5 5.Qg4 Kf8 6.dxc5 Nc6 7.Ngf3 Bxc5 8.Nb3 Be7
9.Bd3 h5 10.Qf4 Nh6 11.O-O Kg8 12.Re1 Nb4 13.Nbd4 Nxd3 14.cxd3 Bd7 15.Bd2 Rc8
16.Rac1 Kh7 17.Rxc8 Bxc8 18.h3 Rf8 19.Qg3 h4 20.Qf4 f6 21.Qxh4 fxe5 22.Bg5 Bxg5
23.Nxg5+ Kg8 24.Rxe5 Qf6 25.Ndf3 Qg6 26.Qd4 b6 27.Re1 Rf5 28.h4 Rf6 29.Rc1 Qe8
30.g4 Qf8 31.Ne5 Rf4 32.Qxf4  1-0

[Event "II Neoclassical Open 2016"]
[Site "Madrid ESP"]
[Date "2016.06.04"]
[Round "6.1"]
[White "Vallejo Pons,F"]
[Black "Short,N"]
[Result "1-0"]
[WhiteElo "2711"]
[BlackElo "2646"]

1.Nf3 Nf6 2.g3 d5 3.Bg2 c6 4.c4 dxc4 5.a4 Be6 6.Na3 Bd5 7.Qc2 e5 8.Nxc4 e4
9.Nh4 Na6 10.b3 Bc5 11.Bb2 O-O 12.Nf5 Re8 13.O-O Bf8 14.Qc3 Nb4 15.Nce3 a5
16.f3 Re6 17.fxe4 Bxe4 18.Nh6+ gxh6 19.Bxe4 Rxe4 20.Rxf6 Rxe3 21.Qc4 Qd7
22.dxe3 Bg7 23.Raf1 Bxf6 24.Bxf6 Re8 25.Qh4 Nd5 26.Qxh6 Nxf6 27.Qg5+ Kf8
28.Qh6+ Kg8 29.Qg5+ Kf8 30.Qxf6 Qe6 31.Qh8+ Ke7 32.Qc3 Kf8 33.Rf3 Qe5 34.Qc4 Re7
35.Kf2 h6 36.Qd4 Kg8 37.Rf4 Kf8 38.h4 b5 39.Rf3 bxa4 40.bxa4 Kg8 41.Qb6 Qd5
42.Qb8+ Kh7 43.Qf8 Qe6 44.Qd8 Qe5 45.Qd3+ Kg7 46.Rf4 Re6 47.Qd4 c5 48.Qd3 Rd6
49.Qc4 Rf6 50.Qb5 Re6 51.Rf3 Qc7 52.Qb2+ Kg8 53.Rf4 c4 54.Qc3 Rc6 55.Rg4+ Kf8
56.Qg7+ Ke7 57.Rf4 Ke6 58.Rf6+ Kd5 59.Rxf7 Qe5 60.Rd7+ Rd6 61.Qf7+ Kc5 62.Rc7+ Kb4
63.Qxc4+ Ka3 64.Rf7 Rf6+ 65.Rxf6 Qxf6+ 66.Kg2 Qe5 67.e4 h5 68.Qd5 Qb2 69.Qb5 Qc3
70.Qd3  1-0

[Event "II Neoclassical Open 2016"]
[Site "Madrid ESP"]
[Date "2016.06.04"]
[Round "7.2"]
[White "Short,N"]
[Black "Narciso Dublan,M"]
[Result "1/2-1/2"]
[WhiteElo "2646"]
[BlackElo "2520"]

1.e4 c5 2.Nf3 e6 3.d4 cxd4 4.Nxd4 a6 5.c4 Nf6 6.Nc3 Qc7 7.a3 b6 8.Bd3 Nc6
9.Nxc6 dxc6 10.Be3 e5 11.h3 Be7 12.O-O O-O 13.b4 Be6 14.Qc2 a5 15.c5 b5 16.Be2 Rfd8
17.Rad1 h6 18.Rxd8+ Rxd8 19.Rd1 Rxd1+ 20.Qxd1 axb4 21.axb4 Qa7 22.Qc1 Ne8
23.Kh2 Nc7 24.g3 Qa8 25.Bf1 Qd8 26.Nb1 Bg5 27.f4 exf4 28.gxf4 Bf6 29.Nd2 Na6
30.Qa3 Bd4 31.Qd3 Bf6 32.Qa3 Bd4 33.Qd3 Bf6 34.Qa3  1/2-1/2

[Event "II Neoclassical Open 2016"]
[Site "Madrid ESP"]
[Date "2016.06.04"]
[Round "8.2"]
[White "Santos Ruiz,Miguel"]
[Black "Short,N"]
[Result "0-1"]
[WhiteElo "2410"]
[BlackElo "2646"]

1.c4 c6 2.Nf3 d5 3.b3 Nf6 4.Bb2 Bg4 5.e3 Nbd7 6.Be2 e6 7.O-O Bd6 8.d3 O-O
9.Nbd2 a6 10.Rc1 Qe7 11.Rc2 Rad8 12.cxd5 cxd5 13.Nd4 Bxe2 14.Qxe2 Rfe8 15.Rfc1 Bb8
16.N4f3 e5 17.e4 Nf8 18.Nh4 g6 19.Nhf3 Qd7 20.g3 Qg4 21.Qf1 dxe4 22.h3 Qf5
23.Nh4 Qd7 24.dxe4 Ne6 25.Nhf3 Nd4 26.Nxd4 exd4 27.Rc4 Nxe4 28.Rxd4 Qxd4
29.Bxd4 Nxd2 30.Qg2 Rxd4 31.Qxb7 Kg7 32.Qxa6 Re6 33.Qb7 Be5 34.a4 Rd3 35.b4 Bd4
36.Qg2 Re2  0-1

[Event "1st Stars Cup 2016"]
[Site "Bandar-e Anzali IRI"]
[Date "2016.07.14"]
[Round "4.4"]
[White "Short,N"]
[Black "Firouzja,Alireza"]
[Result "1-0"]
[WhiteElo "2652"]
[BlackElo "2481"]

1.g3 g6 2.Bg2 Bg7 3.e4 d6 4.d4 Nf6 5.Ne2 O-O 6.O-O c6 7.a4 e5 8.Nbc3 a5 9.h3 Na6
10.Be3 Qe7 11.Re1 Nb4 12.Qd2 Nd7 13.Rad1 f5 14.exf5 gxf5 15.Bg5 Qf7 16.d5 e4
17.Nf4 Ne5 18.Qe2 Qc7 19.Rd2 Na6 20.Red1 Nf7 21.Bh4 Nc5 22.Nh5 Be5 23.Bf6 Nd7
24.Bxe5 Ndxe5 25.Kh1 Kh8 26.b3 Qe7 27.dxc6 bxc6 28.Qe3 Qa7 29.Rd4 Qc5 30.Ne2 Ra7
31.R1d2 Re7 32.Nef4 Ng6 33.Bf1 Nge5 34.Be2 Qa7 35.Rd1 Ba6 36.c4 Bc8 37.Nf6 Qb6
38.g4 Rb7 39.Rb1 Qd8 40.N4h5 Qe7 41.Rg1 fxg4 42.hxg4 Nd8 43.g5 Bf5 44.Ng3 Bg6
45.Ngxe4 Ndf7 46.Bd1 c5 47.Rd2 Nd7 48.Qc3 Bxe4+ 49.Nxe4+ Nfe5 50.Qe3 Ng6
51.Nxd6 Qxe3 52.fxe3 Rc7 53.Nb5 Rb7 54.Bh5 Nde5 55.Rd5 Re7 56.Nd6 Nh4 57.e4 Rf2
58.Nf5 Nxf5 59.exf5 Rxf5 60.Rxc5 Rf2 61.Re1 Rf5 62.Rxa5 Rxg5 63.Ra8+ Kg7
64.Rg1 Rxg1+ 65.Kxg1 Rb7 66.Ra5 Kf6 67.Rb5 Rd7 68.a5 Rd2 69.Kf1 Kf5 70.Be2 Ke4
71.b4 Nc6 72.a6 Ra2 73.Rb6 Nd4 74.Bh5 Nf5 75.Ke1 Ne3 76.c5 Nc2+ 77.Kf1 Ne3+
78.Kg1 Nd5 79.b5 Kd4 80.Rc6 Ra1+ 81.Kf2 Ra2+ 82.Kg3 Ne7 83.Rc7 Nd5 84.Rd7  1-0

[Event "1st Stars Cup 2016"]
[Site "Bandar-e Anzali IRI"]
[Date "2016.07.17"]
[Round "7.4"]
[White "Idani,P"]
[Black "Short,N"]
[Result "0-1"]
[WhiteElo "2560"]
[BlackElo "2652"]

1.c4 e5 2.d3 f5 3.g3 Nf6 4.Bg2 Bb4+ 5.Bd2 a5 6.Nc3 O-O 7.e3 f4 8.exf4 exf4
9.Bxf4 d5 10.Ne2 d4 11.a3 dxc3 12.axb4 cxb2 13.Ra2 Na6 14.Rxb2 Nxb4 15.d4 c6
16.O-O Be6 17.d5 cxd5 18.Nd4 Bf7 19.Nb5 dxc4 20.Qxd8 Raxd8 21.Bc7 Rd7 22.Bxa5 Nd3
23.Rc2 Ra8 24.Bd2 Ra4 25.Nc3 Ra3 26.Be3 Rb3 27.Ra1 Rd8 28.Ra5 Ne1 29.Rd2 Rxd2
30.Bxd2 Nxg2 31.Ra8+ Be8 32.Ne4 Kf7 33.Nd6+ Ke7 34.Nxc4 Ne1  0-1

[Event "Beautiful Minds 2016"]
[Site "Munich GER"]
[Date "2016.11.26"]
[Round "2.1"]
[White "Short,N"]
[Black "Bezold,M"]
[Result "1-0"]
[WhiteElo "2679"]
[BlackElo "2502"]

1.e4 c5 2.Nf3 e6 3.g3 Nc6 4.Bg2 Nf6 5.d3 d5 6.Qe2 Be7 7.O-O b5 8.Re1 O-O
9.Nbd2 Rb8 10.Nf1 b4 11.Bf4 Rb6 12.e5 Nd7 13.h4 a5 14.N1h2 Ba6 15.h5 c4 16.Ng4 b3
17.axb3 cxd3 18.cxd3 Nc5 19.Red1 Rxb3 20.h6 g6 21.Rac1 Nb4 22.Bg5 Nbxd3 23.Bxe7 Nxc1
24.Nf6+ Kh8 25.Qxa6 Qxe7 26.Qd6 Qxd6 27.exd6 N1d3 28.Ng5 Ne5 29.Rc1 Ncd7
30.Nxd7 Nxd7 31.Rc7 Ne5 32.f4 Ng4 33.Nxf7+ Kg8 34.d7 Rbb8 35.Bh3 Rxf7 36.Bxg4 Rff8
37.Bxe6+ Kh8 38.Rc8 d4 39.Kf1 a4 40.Ke1 d3 41.Kd1 Rd8 42.g4 Rf8 43.f5 gxf5
44.gxf5 Rd8 45.Rxd8+ Rxd8 46.Kd2 Rb8 47.Kxd3 Ra8 48.Kd4 Rb8 49.Ke5 Rf8 50.Kd6 Ra8
51.Bd5 Rd8 52.Bc6  1-0

[Event "Beautiful Minds 2016"]
[Site "Munich GER"]
[Date "2016.11.26"]
[Round "3.1"]
[White "Ragger,M"]
[Black "Short,N"]
[Result "1/2-1/2"]
[WhiteElo "2694"]
[BlackElo "2679"]

1.d4 Nc6 2.Nf3 d5 3.e3 Bf5 4.Bb5 e6 5.Ne5 Ne7 6.c4 a6 7.Bxc6+ Nxc6 8.Qa4 dxc4
9.Nxc6 Qd7 10.Qxc4 Qxc6 11.Qxc6+ bxc6 12.Bd2 c5 13.Bc3 cxd4 14.Bxd4 f6 15.Nd2 Bb4
16.Rc1 Bxd2+ 17.Kxd2 e5 18.Bc3 O-O-O+ 19.Ke2 Bd3+ 20.Kf3 Kb7 21.Kg3 Rd5 22.f3 c5
23.e4  1/2-1/2

[Event "Beautiful Minds 2016"]
[Site "Munich GER"]
[Date "2016.11.26"]
[Round "4.1"]
[White "Short,N"]
[Black "Kindermann,S"]
[Result "1-0"]
[WhiteElo "2679"]
[BlackElo "2509"]

1.Nf3 f5 2.g3 Nf6 3.Bg2 g6 4.b4 Bg7 5.Bb2 O-O 6.O-O c6 7.c4 d6 8.d4 a5 9.b5 cxb5
10.cxb5 a4 11.Qd3 Nbd7 12.Nbd2 Nb6 13.Rfc1 Bd7 14.Ba3 Qe8 15.Rab1 Ra5 16.Ne1 Nfd5
17.Nc4 Rxb5 18.Nxb6 Nxb6 19.Bxb7 Kh8 20.d5 f4 21.Nf3 Rxb1 22.Qxb1 Qd8 23.Bb2 fxg3
24.hxg3 Bf5 25.Bxg7+ Kxg7 26.Qb2+ Kg8 27.Nd4 Nd7 28.e4 Bh3 29.Bc8 h5 30.f3 Qa5
31.Kh2 Nc5 32.Bxh3 Nd3 33.Qc3  1-0

[Event "Beautiful Minds 2016"]
[Site "Munich GER"]
[Date "2016.11.26"]
[Round "5.1"]
[White "Hertneck,G"]
[Black "Short,N"]
[Result "1/2-1/2"]
[WhiteElo "2478"]
[BlackElo "2679"]

1.d4 Nf6 2.c4 e6 3.Nf3 d5 4.Nc3 Nbd7 5.cxd5 exd5 6.Bg5 Be7 7.e3 O-O 8.Qc2 a6
9.Bd3 h6 10.Bf4 c5 11.dxc5 Nxc5 12.O-O Be6 13.Rfd1 Rc8 14.Bf5 b5 15.Bxe6 fxe6
16.Qg6 Qe8 17.Ne5 Bd6 18.Qxe8 Rfxe8 19.h3 g5 20.Bh2 b4 21.Ne2 Na4 22.b3 Nc3
23.Re1 Nxe2+ 24.Rxe2 Rc3 25.Ng4 Bxh2+ 26.Kxh2 Nxg4+ 27.hxg4 Rec8 28.a3 a5
29.axb4 axb4 30.Ra7 R8c7 31.Rxc7 Rxc7 32.e4 d4 33.e5 d3 34.Re4 Rd7 35.Re1 Kf7
36.Kg3 d2 37.Rd1 Rd3+ 38.f3 Kg6 39.Kf2 h5 40.Ke2 Rxb3 41.gxh5+ Kxh5 42.Rxd2 g4
43.Rd6 Rb2+ 44.Ke3 Rxg2 45.fxg4+ Kxg4 46.Rxe6 Kf5 47.Rb6 Kxe5 48.Rxb4  1/2-1/2

[Event "Beautiful Minds 2016"]
[Site "Munich GER"]
[Date "2016.11.26"]
[Round "6.1"]
[White "Short,N"]
[Black "Bromberger,S"]
[Result "1/2-1/2"]
[WhiteElo "2679"]
[BlackElo "2535"]

1.c4 Nf6 2.Nc3 g6 3.g3 Bg7 4.Bg2 O-O 5.e4 d6 6.Nge2 c5 7.d3 Nc6 8.O-O Bg4
9.f3 Bd7 10.Be3 a6 11.Kh1 Rb8 12.a4 Na5 13.Rb1 b5 14.axb5 axb5 15.cxb5 Bxb5
16.b4 cxb4 17.Nxb5 Rxb5 18.Qa4 Qd7 19.Nd4 Rc5 20.Rxb4 Qxa4 21.Rxa4 Nc6 22.Rb1 Nxd4
23.Bxd4 Rc7 24.Ra7 Rxa7 25.Bxa7 Ra8 26.Rb7 Kf8 27.f4 Rc8 28.Bf3 h5 29.h3 Bh6
30.e5 dxe5 31.fxe5 Rc1+ 32.Kg2 Rc2+ 33.Kf1 Rc1+ 34.Kf2 Rc2+ 35.Kf1 Rc1+ 36.Kf2  1/2-1/2

[Event "Beautiful Minds 2016"]
[Site "Munich GER"]
[Date "2016.11.27"]
[Round "7.1"]
[White "Vallejo Pons,F"]
[Black "Short,N"]
[Result "1/2-1/2"]
[WhiteElo "2716"]
[BlackElo "2679"]

1.c4 e5 2.Nc3 d6 3.g3 Nc6 4.Nf3 g6 5.d4 exd4 6.Nxd4 Bd7 7.Bg2 Bg7 8.Nxc6 Bxc6
9.Nd5 Nf6 10.O-O O-O 11.Bg5 Re8 12.Qd2 Bxd5 13.cxd5 h6 14.Bxf6 Qxf6 15.e3 Qxb2
16.Qxb2 Bxb2 17.Rab1 Bc3 18.Rxb7  1/2-1/2

[Event "Beautiful Minds 2016"]
[Site "Munich GER"]
[Date "2016.11.27"]
[Round "8.1"]
[White "Short,N"]
[Black "Muzychuk,M"]
[Result "1-0"]
[WhiteElo "2679"]
[BlackElo "2532"]

1.Nf3 c5 2.e4 e6 3.b3 Nc6 4.Bb2 d6 5.d4 cxd4 6.Nxd4 Nf6 7.Nc3 Be7 8.Qd2 O-O
9.O-O-O Nxd4 10.Qxd4 Ng4 11.Kb1 Bf6 12.Qd2 Qb6 13.f3 Ne5 14.Qxd6 Qe3 15.Qd2 Qxd2
16.Rxd2 b6 17.f4 Ng6 18.e5 Be7 19.g3 Bb7 20.Bg2 Bxg2 21.Rxg2 f6 22.exf6 gxf6
23.Re1 Kf7 24.Rge2 Bb4 25.Rxe6 Ne5 26.Rxf6+ Kxf6 27.Nd5+ Kf7 28.Rxe5 Bd6
29.Rh5 Rfe8 30.Kc1 Rad8 31.Rxh7+ Kg6 32.Rg7+ Kh6 33.Rg5 Bf8 34.Kd2 b5 35.c4 bxc4
36.bxc4 Re4 37.Kd3 Re1 38.g4 Rd1+ 39.Kc2 Rh1 40.Rh5+  1-0

[Event "Beautiful Minds 2016"]
[Site "Munich GER"]
[Date "2016.11.27"]
[Round "10.1"]
[White "Short,N"]
[Black "Derakhshani,D"]
[Result "1-0"]
[WhiteElo "2679"]
[BlackElo "2370"]

1.c4 e5 2.e3 Nc6 3.a3 Nf6 4.Nc3 g6 5.d3 Bg7 6.g4 h6 7.Bg2 d6 8.h3 Be6 9.Nd5 Qd7
10.Ne2 Nd8 11.b3 Nh7 12.e4 c6 13.Ne3 Qe7 14.Bb2 Bd7 15.d4 O-O 16.d5 c5 17.Qc2 Qh4
18.Nc3 b6 19.O-O-O Nb7 20.Bf1 Ng5 21.Ng2  1-0

[Event "Beautiful Minds 2016"]
[Site "Munich GER"]
[Date "2016.11.27"]
[Round "11.1"]
[White "Vega Gutierrez,S"]
[Black "Short,N"]
[Result "0-1"]
[WhiteElo "2409"]
[BlackElo "2679"]

1.e4 e6 2.d4 d5 3.Nd2 h6 4.Bd3 c5 5.dxc5 Bxc5 6.Ngf3 Nc6 7.O-O Nge7 8.a3 a5
9.Qe2 O-O 10.Re1 Bb6 11.Nf1 dxe4 12.Qxe4 f5 13.Qh4 Nd5 14.Qxd8 Rxd8 15.Ne3 Bd7
16.Nxd5 exd5 17.Be3 d4 18.Bf4 g5 19.Bd2 Re8 20.h4 g4 21.Nh2 Kg7 22.Bf4 Rxe1+
23.Rxe1 Bd8 24.g3 Bf6 25.Nf1 Ne7 26.Be5 Ng6 27.Bxf6+ Kxf6 28.Nd2 Ne5 29.f4 gxf3
30.Nc4 Nxc4 31.Bxc4 Rc8 32.Bd3 Bc6 33.Kf2 Bd5 34.Rd1 Be4 35.Rd2 Ke5 36.Kf1 Rg8
37.Kf2 f4 38.gxf4+ Kxf4 39.Bf1 Rc8 40.Rxd4 Rxc2+ 41.Kg1 Ke3 42.Rd6 f2+ 43.Kh2 Rc1  0-1

[Event "Gibraltar Masters 2017"]
[Site "Caleta ENG"]
[Date "2017.01.24"]
[Round "1.16"]
[White "Lombaers,P"]
[Black "Short,N"]
[Result "1/2-1/2"]
[WhiteElo "2314"]
[BlackElo "2675"]

1.d4 Nf6 2.c4 e6 3.Nc3 Bb4 4.e3 d5 5.cxd5 exd5 6.Bd3 c5 7.Ne2 Nc6 8.a3 cxd4
9.axb4 dxc3 10.b5 Ne5 11.bxc3 O-O 12.O-O Re8 13.Nf4 b6 14.Ra4 Bb7 15.Bb2 Qc7
16.Qc2 Nc4 17.Rfa1 Ne4 18.Rxa7 Rxa7 19.Rxa7 Qc8 20.Ra4 g6 21.Ba3 Qd7 22.Bxc4 dxc4
23.Rxc4 Ra8 24.Rd4 Qxb5 25.Bb4 Nc5 26.f3 Ba6 27.Rd1 Bb7 28.e4 Qc4 29.Qd2 Bc6
30.Qd4 Qb3 31.h4 h5 32.Qd6 Nb7 33.Qd3 Rd8 34.Nd5 Bxd5 35.exd5 Nd6 36.Bxd6 Rxd6
37.c4 Qb4 38.Qd4 Kh7 39.Kh2 Rd7 40.d6 Qa4 41.Rb1 Rb7 42.Qd5 Ra7 43.Rxb6 Qe8
44.Rb4 Qe1 45.Qd4 Qxb4 46.Qxa7 Qxd6+ 47.g3 Qd2+ 48.Kh3 Kg7 49.Qa1+ Kg8 50.Qf1 Qc2
51.g4 hxg4+ 52.fxg4 Qc3+ 53.Kg2 Qc2+ 54.Kf3 f5 55.Qe2 fxg4+ 56.Kf2 Qc3 57.Qxg4 Qd2+
58.Kf1 Qc1+ 59.Ke2 Qc2+ 60.Ke3 Qc3+ 61.Kf2 Qd2+ 62.Kg3 Qc3+ 63.Kg2 Qc2+ 64.Kh3 Qd3+
65.Qg3 Qxc4 66.Qxg6+ Kh8 67.Qh6+  1/2-1/2

[Event "Chebanenko Rapid Open"]
[Site "Chisinau MDA"]
[Date "2017.03.31"]
[Round "1.1"]
[White "Zajarnyi,A"]
[Black "Short,N"]
[Result "1/2-1/2"]
[WhiteElo "2272"]
[BlackElo "2683"]

1.e4 e6 2.d4 d5 3.e5 c5 4.f4 Nc6 5.Nf3 Nxd4 6.Nxd4 cxd4 7.Bd3 Bc5 8.O-O Ne7
9.Kh1 Bd7 10.Nd2 g6 11.Nf3 h5 12.a3 a5 13.Qe2 Nf5 14.Bd2 h4 15.b4 axb4 16.axb4 Bb6
17.Rfb1 Rxa1 18.Rxa1 Kf8 19.Bxf5 gxf5 20.h3 Kg7 21.Be1 Qe7 22.Qf2 Bd8 23.Nxd4 Be8
24.Ra8 Qc7 25.Qe2 Be7 26.Kh2 Qb6 27.Qe3 Qc7 28.c3 Qc4 29.Rb8 Qc7 30.Ra8 Qc4  1/2-1/2